000 00234nam a22000857a 4500
008 160916b xxu||||| |||| 00| 0 eng d
100 _9553
_aGupta.S.P.etal
245 _aEnvironment Studies-W.B-4
260 _aNew Delhi
_bAPC Publications
_c2011
999 _c3210
_d3210